ბათუმის შოთა რუსთაველის სახელმწიფო უნივერსიტეტის ბიბლიოთეკა

Сборник задач по курсу математического анализа (ბიბ.ჩანაწერი № 35848)

000 -LEADER
fixed length control field 00676nam a2200217Ia 4500
001 - CONTROL NUMBER
control field 1739
003 - CONTROL NUMBER IDENTIFIER
control field GE_BSU
008 - FIXED-LENGTH DATA ELEMENTS--GENERAL INFORMATION
fixed length control field 181216s||||||||xx |||||||||||||| ||und||
040 ## - CATALOGING SOURCE
Transcribing agency GE_BSU
080 ## - UNIVERSAL DECIMAL CLASSIFICATION NUMBER
Universal Decimal Classification number 517(076.1)(075.8)
100 ## - MAIN ENTRY--PERSONAL NAME
Personal name Берман,Г.Н.
245 ## - TITLE STATEMENT
Title Сборник задач по курсу математического анализа
245 ## - TITLE STATEMENT
Remainder of title Учебное пособие для студ вузов
250 ## - EDITION STATEMENT
Edition statement Изд. 19-ое
260 ## - PUBLICATION, DISTRIBUTION, ETC.
Place of publication, distribution, etc. Москва
260 ## - PUBLICATION, DISTRIBUTION, ETC.
Name of publisher, distributor, etc. Наука
260 ## - PUBLICATION, DISTRIBUTION, ETC.
Date of publication, distribution, etc. 1977
300 ## - PHYSICAL DESCRIPTION
Extent 416с.22см.
653 ## - INDEX TERM--UNCONTROLLED
Uncontrolled term Сборник задач по курсу математического анализа
942 ## - ADDED ENTRY ELEMENTS (KOHA)
Koha item type წიგნი
ეგზემპლარები
Withdrawn status Lost status Damaged status Not for loan Date acquired Barcode Date last seen Price effective from Koha item type
        2018-12-17 16793 2018-12-17 2018-12-17 წიგნი